[Event "London Classic op 10th"]
[Site "London"]
[Date "2018.12.09"]
[Round "1"]
[White "Tomaszewski, Kacper"]
[Black "Newbry, Benjamin J"]
[Result "1-0"]
[WhiteElo "2259"]
[BlackElo "1875"]
[PlyCount "97"]
[EventDate "2018.12.09"]
[EventType "swiss"]
[EventRounds "9"]
[EventCountry "ENG"]
[SourceTitle "CBM 187 Extra"]
[Source "ChessBase"]
[SourceDate "2018.11.04"]
[SourceVersion "1"]
[SourceVersionDate "2018.11.04"]
[SourceQuality "1"]

1. d4 b6 2. e4 Bb7 3. Bd3 Nf6 4. f3 Nc6 5. Be3 e5 6. d5 Ne7 7. c4 Ng6 8. Ne2 Bc5 9. Qd2 0-0 10. Nbc3 Bxe3 11. Qxe3 Nh5 12. g3 h6 13. h4 Qe7 14. 0-0-0 Qc5 15. Qd2 a5 16. f4 Nf6 17. h5 Ne7 18. Rh4 d6 19. Na4 Qf2 20. Rdh1 Bc8 21. Kb1 Ng4 22. f5 Qf3 23. Ng1 Qf2 24. Qd1 Nf6 25. R1h2 Qe3 26. Re2 Qxg3 27. Rh3 Qf4 28. Rg2 Nxe4 29. Rf3 Qh4 30. Rh3 Nf2 31. Qe1 Qf6 32. Rxf2 Bxf5 33. Nc3 Qg5 34. Bxf5 Nxf5 35. Ne4 Qg4 36. Rhh2 Ng3 37. Nxg3 Qxg3 38. Nf3 f5 39. Rhg2 Qh3 40. Qg1 Rf7 41. Rg3 Qxh5 42. Rh2 Qxh2 43. Qxh2 e4 44. Nd4 f4 45. Rg1 Kh7 46. Qg2 f3 47. Qg6+ Kg8 48. Nf5 Kf8 49. Qh7 1-0

[Event "Gibraltar Masters 15th"]
[Site "Caleta"]
[Date "2017.01.31"]
[Round "8"]
[White "Newbry, Benjamin J"]
[Black "Chilton, James I"]
[Result "1-0"]
[WhiteElo "1879"]
[BlackElo "1756"]
[PlyCount "119"]
[EventDate "2017.01.24"]
[EventType "swiss"]
[EventRounds "10"]
[EventCountry "GGB"]
[SourceTitle "CBM 177"]
[Source "ChessBase"]
[SourceDate "2017.03.16"]
[SourceVersion "1"]
[SourceVersionDate "2017.03.16"]
[SourceQuality "1"]

1. b3 e5 2. Bb2 Nc6 3. e3 Nf6 4. Bb5 d6 5. Nf3 Be7 6. d4 exd4 7. Nxd4 Bd7 8. Bxc6 Bxc6 9. Nxc6 bxc6 10. Qf3 Qd7 11. 0-0 0-0 12. Nd2 a5 13. Ne4 Nxe4 14. Qxe4 f5 15. Qc4+ d5 16. Qd3 Qe6 17. a4 f4 18. exf4 Rxf4 19. Rae1 Qd7 20. Be5 Rf7 21. Re2 Bc5 22. Bd4 Bb6 23. Qe3 Rb8 24. Rfe1 Qd6 25. Qd2 Rbf8 26. Kh1 Qf4 27. Qxf4 Rxf4 28. Bxb6 cxb6 29. f3 b5 30. axb5 cxb5 31. Rd2 a4 32. bxa4 bxa4 33. Rxd5 Rc8 34. Ra5 Rxc2 35. Kg1 Ra2 36. Ra7 Rf7 37. Re8+ Rf8 38. Ree7 Rb8 39. h3 a3 40. Rxg7+ Kf8 41. Rxh7 Kg8 42. Rhb7 Ra1+ 43. Kh2 Rxb7 44. Rxb7 Re1 45. Ra7 Re3 46. Kg3 Kf8 47. Kf4 Re2 48. g4 a2 49. h4 Kg8 50. h5 Rh2 51. Kg5 Rf2 52. f4 Kf8 53. h6 Rh2 54. f5 Kg8 55. Kg6 Kf8 56. h7 Ke8 57. g5 Kf8 58. f6 Ke8 59. Kg7 Rh5 60. f7+ 1-0